header

Promoting reproductive security in developing countries (Record no. 162632)

MARC details
000 -LEADER
fixed length control field 01361nam a22003254a 4500
082 04 - DEWEY DECIMAL CLASSIFICATION NUMBER
Classification number 362.1/96692/0091724
100 1# - MAIN ENTRY--AUTHOR NAME
Personal name Middleberg, Maurice I.,
245 10 - TITLE STATEMENT
Title Promoting reproductive security in developing countries
260 ## - PUBLICATION, DISTRIBUTION, ETC. (IMPRINT)
Place of publication New York :
Name of publisher Kluwer Academic/Plenum Publishers,
Year of publication c2003.
300 ## - PHYSICAL DESCRIPTION
Number of Pages xiv, 271 p. :
Other physical details ill.
490 1# - SERIES STATEMENT
Series statement Issues in women's health
650 #0 - SUBJECT ADDED ENTRY--TOPICAL TERM
Topical Term Reproductive health
Topical Term Human reproductive technology
856 40 - ELECTRONIC LOCATION AND ACCESS
Uniform Resource Identifier http://site.ebrary.com/lib/rucke/Doc?id=10067302

No items available.

© 2026 Rongo University
Contact us: librarian | system librarian | Rongo university